000 00230nam a2200097Ia 4500
008 200302s9999 xx 000 0 und d
100 _aJohn Corbett
245 _aAustralian Design Trends
260 _bDavid Johnson
300 _a211 P.,
999 _c1696
_d1696